Słówka język niemiecki - Statystyki

Ogólne statystyki
  • Ten quiz został rozwiązany 77 razy
  • Średni wynik to 11 z 14
Statystyki odpowiedzi
Wskazówka Odpowiedź % Poprawnych
Haus Dom
98%
Auto Samochód
94%
Schule Szkoła
94%
Katze Kot
91%
Hund Pies
91%
Wasser Woda
91%
Apfel Jabłko
88%
Freund Przyjaciel
88%
Buch Książka
86%
Kind Dziecko
83%
Küche Kuchnia
77%
Blume Kwiat
75%
Uhr Zegar
55%
Tasse Filiżanka
38%
Nie znaleziono quizów pasujących do podanych kryteriów
Rozkład punktacji
Procent ludzi z każdym wynikiem
Percentyl według liczby udzielonych odpowiedzi
Twoja historia wyników
Nie rozwiązałeś tego quizu